The daughters of joy / (Record no. 182205)

MARC details
000 -LEADER
fixed length control field 00676nam a2200193 4500
005 - DATE AND TIME OF LATEST TRANSACTION
control field 20211109164700.0
010 ## - LCCN (DPL NO)
LC control number B-741836
020 ## - INTERNATIONAL STANDARD BOOK NUMBER
International Standard Book Number 9789381431481
Terms of availability 199.00
035 ## - SYSTEM CONTROL NUMBER
System control number B-741836
037 ## - SOURCE OF ACQUISITION
Source of stock number/acquisition Hey House Publishers /Gift
082 ## - DEWEY DECIMAL CLASSIFICATION NUMBER
Classification number 813.54
100 ## - MAIN ENTRY--PERSONAL NAME
Personal name Chopra,Deepak
245 ## - TITLE STATEMENT
Title The daughters of joy /
Statement of responsibility, etc by Deepak Chopra
260 ## - PUBLICATION, DISTRIBUTION, ETC. (IMPRINT)
Place of publication, distribution, etc New Delhi
Name of publisher, distributor, etc Hey House Publishers
Date of publication, distribution, etc 2012
270 ## - ADDRESS
Address Muskan Complex,Plot No.3,B-2 Vasant Kunj,
City New Delhi
Postal code 110070
300 ## - PHYSICAL DESCRIPTION
Extent 237p.
Dimensions 20cm(pbk)
942 ## - ADDED ENTRY ELEMENTS (KOHA)
Source of classification or shelving scheme Dewey Decimal Classification
Item type English Books
Call number suffix CHO
Classification part 813.54
Holdings
Withdrawn status Lost status Not for loan Collection code Home library Current library Date acquired Source of acquisition Cost, normal purchase price Full call number Barcode Copy number Cost, replacement price Koha item type Public note
      Non-fiction Bawana Bawana 09/11/2021 Eng/Gift/8.11.2021 199.00 813.54 CHO B-741836 1 199.00 English Books Gift

© Delhi Public Library
Hit Counter
free hit counter